|
|
|
|
| LEADER |
01209nam a2200265 a 4500 |
| 001 |
GR-Patra652 |
| 008 |
991022s1976 gr 000 0 gre d |
| 040 |
|
|
|a GrPaTEI
|b gre
|c GR-PaULI
|
| 245 |
0 |
0 |
|a Βασική θεωρία και εφαρμογές των τρανζίστορ και ολοκληρωμένων κυκλωμάτων.
|
| 250 |
|
|
|a 2η έκδ.
|
| 260 |
|
|
|a [χ.τ.] :
|b [χ.ό.],
|c 1976
|
| 300 |
|
|
|a xi, 455σ. :
|b εικ.
|
| 650 |
|
4 |
|a ΗΛΕΚΤΡΟΝΙΚΑ ΚΥΚΛΩΜΑΤΑ
|
| 650 |
|
4 |
|a ΗΛΕΚΤΡΟΝΙΚΑ ΚΥΚΛΩΜΑΤΑ
|
| 650 |
|
4 |
|a ΚΡΥΣΤΑΛΛΟΛΥΧΝΙΕΣ
|
| 650 |
|
4 |
|a ΚΡΥΣΤΑΛΛΟΛΥΧΝΙΕΣ
|
| 650 |
|
4 |
|a ΟΛΟΚΛΗΡΩΜΕΝΑ ΚΥΚΛΩΜΑΤΑ
|
| 650 |
|
4 |
|a ΟΛΟΚΛΗΡΩΜΕΝΑ ΚΥΚΛΩΜΑΤΑ
|
| 650 |
|
4 |
|a ΤΥΠΩΜΕΝΑ ΚΥΚΛΩΜΑΤΑ
|
| 650 |
|
4 |
|a ΤΥΠΩΜΕΝΑ ΚΥΚΛΩΜΑΤΑ
|
| 700 |
1 |
|
|a Βαφειάδης, Παντελής Χ.
|
| 942 |
|
|
|2 ddc
|
| 952 |
|
|
|0 0
|1 0
|2 ddc
|4 0
|6 621_381530042200000_ΒΑΦ
|7 0
|9 281611
|a LISK
|b LISK
|c BSC
|d 2021-01-17
|e 24
|f 0
|g 0.00
|l 0
|o 621.3815300422 ΒΑΦ
|p 924100783
|r 2021-01-17 00:00:00
|t 1
|w 2021-01-17
|y BK15
|x 19991024 0 1
|x GrPaTEI
|
| 971 |
|
|
|a .b26481492
|b 15-04-20
|c 23-09-16
|
| 999 |
|
|
|c 163929
|d 163929
|